000 00703nam a2200229Ia 4500
005 20241216010046.0
008 180423s9999||||xx |||||||||||||| ||und||
020 _a84-329-8631-3
082 _a370.115
_bS23
100 _aSARRAMONA JAUME
245 0 _aCOMO ENTENDER Y APLICAR LA DEMOCRACIA EN LA ESCUELA
_bDEMOCRACIA Y SISTEMAS EDUCATIVOS FINALIDADES Y ESTRATEGIAS LA ESCUELA COMO INSTITUCION DEMOCRATICA
250 _a0
260 _aESPAÑA
_bCEAC S.A.
_c1993
300 _a81 pag.
_c21 cm
341 _h0
490 _v0
_a0
505 _aEDUCACION-DEMOCRACIA/ESTRAGIAS EDUCATIVAS-ESCUELAS
541 _aC
_d09-Oct-98
650 _aCIENCIAS SOCIALES
856 _zHumanidades
942 _cLIBRO
999 _c4442
_d4442